Statistiken für Länder, die diese Regionen teilen #4

Klicken Sie hier um das Quiz zu spielen!

Allgemein

  • Dieses Quiz wurde 250 mal gespielt
  • Das Durchschnittsergebnis liegt bei 26 aus 29

Antwortstatistiken

RegionLand% Korrekt
AmazonasBrasilien
95%
SaharaAlgerien
93%
AmazonasFrankreich
93%
BaskenlandFrankreich
93%
JütlandDänemark
92%
KaukasusRussland
92%
BaskenlandSpanien
92%
SaharaÄgypten
91%
AmazonasKolumbien
90%
SaharaMarokko
90%
TimorOsttimor
90%
SaharaTunesien
90%
JütlandDeutschland
89%
AmazonasBolivien
88%
KaukasusGeorgien
88%
SaharaLibyen
88%
SaharaMali
88%
AmazonasPeru
88%
SaharaSudan
88%
SaharaTschad
88%
AmazonasVenezuela
88%
KaukasusArmenien
87%
SaharaNiger
87%
AmazonasGuyana
85%
SaharaMauretanien
85%
AmazonasSuriname
85%
KaukasusAserbaidschan
83%
TimorIndonesien
83%
AmazonasEcuador
78%

Verteilung der Resultate

Perzentil nach korrekt beantworteten Fragen

Anzahl Personen mit jedem Resultat

Ihre Resultats-Entwicklung

Sie haben dieses Quiz noch nicht gespielt